<?xml version="1.0" encoding="UTF-8"?>
<record
    xmlns:xsi="http://www.w3.org/2001/XMLSchema-instance"
    xsi:schemaLocation="http://www.loc.gov/MARC21/slim http://www.loc.gov/standards/marcxml/schema/MARC21slim.xsd"
    xmlns="http://www.loc.gov/MARC21/slim">

  <leader>00865cam a22002531  4500</leader>
  <controlfield tag="001">g  01000216 </controlfield>
  <controlfield tag="003">DLC</controlfield>
  <controlfield tag="005">20260227111250.0</controlfield>
  <controlfield tag="008">830624m18661924gw            000 0 gers </controlfield>
  <datafield tag="010" ind1=" " ind2=" ">
    <subfield code="a">g  01000216 </subfield>
  </datafield>
  <datafield tag="035" ind1=" " ind2=" ">
    <subfield code="a">(OCoLC)9642862</subfield>
  </datafield>
  <datafield tag="040" ind1=" " ind2=" ">
    <subfield code="a">DLC</subfield>
    <subfield code="c">ICarbS</subfield>
    <subfield code="d">DLC</subfield>
  </datafield>
  <datafield tag="042" ind1=" " ind2=" ">
    <subfield code="a">premarc</subfield>
  </datafield>
  <datafield tag="050" ind1="0" ind2="0">
    <subfield code="a">PT2396</subfield>
    <subfield code="b">.A1 1886</subfield>
  </datafield>
  <datafield tag="100" ind1="1" ind2=" ">
    <subfield code="a">Lessing, Gotthold Ephraim,</subfield>
    <subfield code="d">1729-1781.</subfield>
  </datafield>
  <datafield tag="245" ind1="1" ind2="0">
    <subfield code="a">Gotthold Ephraim Lessings s&#xE4;mtliche schriften.</subfield>
    <subfield code="c">Hrsg. von Karl Lachmann.</subfield>
  </datafield>
  <datafield tag="250" ind1=" " ind2=" ">
    <subfield code="a">3., auf's neue durchgesehene und verm. Aufl. besorgt durch Franz Muncker ...</subfield>
  </datafield>
  <datafield tag="260" ind1=" " ind2=" ">
    <subfield code="a">Stuttgart,</subfield>
    <subfield code="b">G. J. G&#xF6;schen,</subfield>
    <subfield code="c">1866-1924.</subfield>
  </datafield>
  <datafield tag="300" ind1=" " ind2=" ">
    <subfield code="a">23 v. in 24.</subfield>
    <subfield code="c">23 cm.</subfield>
  </datafield>
  <datafield tag="700" ind1="1" ind2=" ">
    <subfield code="a">Lachmann, Karl,</subfield>
    <subfield code="d">1793-1851,</subfield>
    <subfield code="e">ed.</subfield>
  </datafield>
  <datafield tag="700" ind1="1" ind2=" ">
    <subfield code="a">Muncker, Franz,</subfield>
    <subfield code="d">1855-1926,</subfield>
    <subfield code="e">ed.</subfield>
  </datafield>
  <datafield tag="700" ind1="1" ind2=" ">
    <subfield code="a">Plaurus, Titus Maccius.</subfield>
    <subfield code="c">Captivi. German.</subfield>
  </datafield>
  <datafield tag="700" ind1="1" ind2=" ">
    <subfield code="a">Sculetus, Andreas,</subfield>
    <subfield code="d">17th century.</subfield>
  </datafield>
  <datafield tag="999" ind1=" " ind2=" ">
    <subfield code="c">23418</subfield>
    <subfield code="d">23418</subfield>
  </datafield>
</record>
